Censo electoral publicado en 1908, procedente de la inscripción verificada el 7 de octubre de 1907 : Clasificación de los electores de dicho Censo Clasificación de los electores de dicho Censo
Publicado:
Madrid :
Ministerio de Instrucción Pública y Bellas Artes, Dirección General del Instituto Geográfico y Estadístico ,
1908
Descripción Física:
123 p. ; 34 cm
Materias:
Espanya -- Censos -- 1907
MARC
| LEADER | 00000nam a2200000Ia 4500 | ||
|---|---|---|---|
| 001 | 11636 | ||
| 003 | BGR | ||
| 005 | 20260324175340.0 | ||
| 008 | 160829s1908 xx 000 0 cat d | ||
| 080 | |a FOL-1-31 | ||
| 245 | |a Censo electoral publicado en 1908, procedente de la inscripción verificada el 7 de octubre de 1907 : |b Clasificación de los electores de dicho Censo | ||
| 260 | |a Madrid : |b Ministerio de Instrucción Pública y Bellas Artes, Dirección General del Instituto Geográfico y Estadístico, |c 1908 | ||
| 300 | |a 123 p. ; |c 34 cm | ||
| 650 | |a Espanya |x Censos |x 1907 |9 28308 | ||
| 710 | 1 | |a Instituto Geográfico y Estadístico (Espanya) |9 71157 |b Dirección General | |
| 901 | |a Arxiu | ||
| 942 | |n 1 |2 udc |c MON | ||
| 952 | |0 0 |1 0 |4 0 |6 FOL131 |7 1 |9 44775 |a Arxiu |b Arxiu |d 2016-12-01 |l 0 |o FOL-1-31 |p 11636 |r 2016-12-01 00:00:00 |w 2016-12-01 |y ARXIU | ||
| 999 | |c 47358 |d 47358 | ||